BIBLIOTECA PODER JUDICIAL
Portal Judicial TDF

Decreto 493/2025. Actualizaciones al marco regulatorio para la prestación del servicio público de agua potable y desagües cloacales / (Registro nro. 5526)

000 -LEADER
fixed length control field 01140nab a22002297a 4500
003 - CONTROL NUMBER IDENTIFIER
control field OSt
005 - DATE AND TIME OF LATEST TRANSACTION
control field 20251215112453.0
008 - FIXED-LENGTH DATA ELEMENTS--GENERAL INFORMATION
fixed length control field 190604e xxu||||| |||| 00| 0 spa d
040 ## - CATALOGING SOURCE
Transcribing agency PJ
100 ## - MAIN ENTRY--PERSONAL NAME
9 (RLIN) 6506
Personal name Del Río, María Morena
245 10 - TITLE STATEMENT
Title Decreto 493/2025. Actualizaciones al marco regulatorio para la prestación del servicio público de agua potable y desagües cloacales /
Statement of responsibility, etc María Morena del Río, Lucrecia Re y Dolores Perino
260 ## - PUBLICATION, DISTRIBUTION, ETC. (IMPRINT)
Place of publication, distribution, etc Ciudad Autónoma de Buenos Aires :
Name of publisher, distributor, etc Thomson Reuters La Ley,
Date of publication, distribution, etc 2025.
300 ## - PHYSICAL DESCRIPTION
Extent p. 60-63
500 ## - GENERAL NOTE
General note Cita Online: TR LALEY AR/DOC/2383/2025.<br/>
505 ## - FORMATTED CONTENTS NOTE
Formatted contents note Sumario: I. Introducción.— II. Breve reseña histórica.— III. Principales modificaciones.— IV. Conclusiones.
505 ## - FORMATTED CONTENTS NOTE
Title ¿Te interesa el texto completo? Solicitalo al correo: koha@justierradelfuego.gov.ar
650 #0 - SUBJECT ADDED ENTRY--TOPICAL TERM
9 (RLIN) 1432
Topical term or geographic name as entry element SERVICIO PÚBLICO
700 ## - ADDED ENTRY--PERSONAL NAME
9 (RLIN) 6507
Personal name Re, Lucrecia
Función coautor
700 ## - ADDED ENTRY--PERSONAL NAME
9 (RLIN) 6508
Personal name Perino, Dolores
Función coautor
773 0# - HOST ITEM ENTRY
Host Biblionumber 2714
Host Itemnumber 3171
Place, publisher, and date of publication Ciudad Autónoma de Buenos Aires : Thomson Reuters La Ley, 2014-
Title Revista anales de legislación argentina. Nº 11- Noviembre 2025.
942 ## - ADDED ENTRY ELEMENTS (KOHA)
Source of classification or shelving scheme
Koha item type Analítica Artículo de Revista

No hay ítems disponibles.

12 de Octubre 789 Ushuaia - Tel:  54(02901)441571
Horario de Atención: 8.00 a 17.00 hs. 
bibliotecaush@justierradelfuego.gov.ar
koha@justierradelfuego.gov.ar
Seguinos en nuestras redes @bibliojustdf 

Con tecnología Koha